000 00655nam a22001937a 4500
005 20251108173209.0
008 250721s2005 xx 000 0 ara d
082 1 4 _a213.61/شري
100 1 _aالشريف، عبد الله حلمي حسن
245 1 0 _aتنزيه سيد الأنبياء عما جاء في حديث السحر من دعاوى الأغبياء /
264 1 _aعمان :
_bدار الإمام النووي،
_c2005.
300 _a69ص.
650 1 7 _aالاحاديث
650 1 7 _aدفاع المطاعن
650 1 7 _aالسحر
650 1 7 _aمحمد صلى الله عليه و سلم
942 _2ddc
_cBK
999 _c98306
_d98306